| 000 | 00460nam a22001577a 4500 | ||
|---|---|---|---|
| 008 | 150911b xxu||||| |||| 00| 0 eng d | ||
| 020 | _a0324019017 | ||
| 050 | _aHB 171.5 .T75 2000 | ||
| 100 |
_aTucker Irvin B. _d2000 |
||
| 245 | _aSurvey of Economics | ||
| 260 |
_aAustralia _bSouth Western College _c2000 |
||
| 300 |
_axxvi, 550p:ill _bincludes index |
||
| 650 | _aEconomics | ||
| 760 | _b3rd ed | ||
| 942 |
_2lcc _cBOOKS _hHB 171.5 .T75 2000 |
||
| 999 |
_c5630 _d5630 |
||